000 00184nam a2200085 4500
001 1258838
005 20260331121620.0
245 _aKÜÇÜK ŞEHZADE
_cCAHİT ZARİFOĞLU
260 _bBEYAN
999 _c1258838
_d1258838